wszytkie panstwa ktore uzywaja cyrylicy - Statystyki

Ogólne statystyki
  • Ten quiz został rozwiązany 79 razy
  • Średni wynik to 12 z 14
Statystyki odpowiedzi
Hint Odpowiedź % Poprawnych
Россия Rosja
100%
Украина ukraina
97%
Беларусь białorus
94%
Казахстан Kazachstan
94%
Монголия Mongolia
89%
Таджикистан Tadżykistan
87%
Туркменистан Turkmenistan
87%
Кыргызстан Kirgistan
86%
Узбекистан Uzbekistan
86%
Болгария bułgaria
85%
Молдова Mołdawia
83%
Северная Македония macedonia połnocna
80%
Сербия Serbia
80%
Черногория czarnogóra
73%
Nie znaleziono quizów pasujących do podanych kryteriów
Rozkład punktacji
Procent ludzi z każdym wynikiem
Percentyl według liczby udzielonych odpowiedzi
Twoja historia wyników
Nie rozwiązałeś tego quizu